L'Aviation / (Record no. 114019)

MARC details
000 -LEADER
campo de control de longitud fija 00525nam a2200193 4500
001 - NÚMERO DE CONTROL
campo de control 114019
003 - IDENTIFICADOR DE NÚMERO DE CONTROL
campo de control ES-MaACL
005 - FECHA Y HORA DE LA ÚLTIMA TRANSACCIÓN
campo de control 20250824092150.0
007 - CAMPO FIJO DE DESCRIPCIÓN FÍSICA--INFORMACIÓN GENERAL
campo de control de longitud fija t|
008 - DATOS DE LONGITUD FIJA--INFORMACIÓN GENERAL
campo de control de longitud fija 061121s1923 fr r ||||1| fre d
100 1# - ENTRADA PRINCIPAL--NOMBRE DE PERSONA
Nombre de persona Painlevé, Paul.
9 (RLIN) 88330
245 12 - MENCIÓN DEL TÍTULO
Título L'Aviation /
Mención de responsabilidad, etc. Paul Painlevé , Emile Borel, Ch. Maurain.
260 ## - PUBLICACIÓN, DISTRIBUCIÓN, ETC.
Lugar de publicación, distribución, etc. Paris :
Nombre del editor, distribuidor, etc. Evreux,
Fecha de publicación, distribución, etc. 1923.
300 ## - DESCRIPCIÓN FÍSICA
Extensión 308 p. ;
Dimensiones 19 cm.
700 1# - ENTRADA AGREGADA--NOMBRE PERSONAL
Nombre de persona Borel, Emile.
9 (RLIN) 30428
700 1# - ENTRADA AGREGADA--NOMBRE PERSONAL
Nombre de persona Maurain, Charles
9 (RLIN) 79226
852 ## - LOCALIZACIÓN
Ubicación ES-MaACL
Número de control de estantería B-6784
Holdings
Estatus retirado Estado de pérdida Estado de daño No para préstamo Biblioteca de origen Biblioteca actual Ubicación en estantería Fecha de adquisición Fuente de adquisición Total de préstamos Signatura topográfica completa Código de barras Visto por última vez Precio de reemplazo Tipo de ítem Koha
        Biblioteca del Ateneo de Madrid Biblioteca del Ateneo de Madrid Sala Pardo Bazán 17/01/2008     B-6784 1118909 23/02/2023 23/02/2023 Libro impreso